Muslim law in India and abroad (Record no. 280453)

MARC details
000 -LEADER
fixed length control field 00510nam a2200217Ia 4500
003 - CONTROL NUMBER IDENTIFIER
control field OSt
005 - DATE AND TIME OF LATEST TRANSACTION
control field 20240910124528.0
008 - FIXED-LENGTH DATA ELEMENTS--GENERAL INFORMATION
fixed length control field 240126s9999 xx 000 0 und d
020 ## - INTERNATIONAL STANDARD BOOK NUMBER
International Standard Book Number 9789350356975
040 ## - CATALOGING SOURCE
Transcribing agency 0
041 ## - LANGUAGE CODE
Language code of text/sound track or separate title English
082 ## - DEWEY DECIMAL CLASSIFICATION NUMBER
Classification number 340.59 MAH;1 R
100 ## - MAIN ENTRY--PERSONAL NAME
Personal name Mahmood, Tahir.
245 #0 - TITLE STATEMENT
Title Muslim law in India and abroad
250 ## - EDITION STATEMENT
Edition statement 2nd ed.
260 ## - PUBLICATION, DISTRIBUTION, ETC.
Name of publisher, distributor, etc. Lexis Nexis
Place of publication, distribution, etc. Haryana
300 ## - PHYSICAL DESCRIPTION
Extent xii, 421
440 ## - SERIES STATEMENT/ADDED ENTRY--TITLE
Title NULL
650 ## - SUBJECT ADDED ENTRY--TOPICAL TERM
Topical term or geographic name entry element Muslim,law,India,abroad
942 ## - ADDED ENTRY ELEMENTS (KOHA)
Koha item type Law Books
Source of classification or shelving scheme Dewey Decimal Classification
Holdings
Date last seen Total checkouts Full call number Accession number Volume/Issue Number Cost, total (INR) price Price effective from Category Lost status Source of classification or shelving scheme Damaged status Department Withdrawn status Home library Current library Shelving location Entry date Vendor Cost, normal purchase price Grants Billnumber Currency symbol Conversion rate Discount Old discount
26/01/2024   340.59 MAH;1 R LL123 (08/07/1905) 521.25 26/01/2024 Law Books   Dewey Decimal Classification   LAW   Law Library Law Library   18/02/2017 Puliani & Puliani 695.00 Law 8201/I RS 1 173.75 25
26/01/2024   340.59 MAH;2 R1 LL2886 (08/07/1905) 585.00 26/01/2024 Law Books   Dewey Decimal Classification   LAW   Law Library Law Library   09/10/2023 MPP House 750.00 Law 662 RS 1 22  
26/01/2024   340.59 MAH;3 LL2887 (08/07/1905) 585.00 26/01/2024 Law Books   Dewey Decimal Classification   LAW   Law Library Law Library   09/10/2023 MPP House 750.00 Law 662 RS 1 22  
26/01/2024   340.59 MAH;4 LL2888 (08/07/1905) 585.00 26/01/2024 Law Books   Dewey Decimal Classification   LAW   Law Library Law Library   09/10/2023 MPP House 750.00 Law 662 RS 1 22  
26/01/2024   340.59 MAH;5 LL2889 (08/07/1905) 585.00 26/01/2024 Law Books   Dewey Decimal Classification   LAW   Law Library Law Library   09/10/2023 MPP House 750.00 Law 662 RS 1 22  
26/01/2024   340.59 MAH;6 LL2890 (08/07/1905) 585.00 26/01/2024 Law Books   Dewey Decimal Classification   LAW   Law Library Law Library   09/10/2023 MPP House 750.00 Law 662 RS 1 22  

© For any Suggestions or Query, please contact the library staff @ librarian@pes.edu or Phone: +9180 2672 1983/ 2108.